000 00525nam a2200217Ia 4500
003 OSt
005 20220916111124.0
006 a|||||r|||| 00| 0
007 ta
008 220915b |||||||| |||| 00| 0 urd d
024 _a279709
037 _cTextbook
040 _burd
_aARTS
_cARTS
041 _aurd
082 _aO168,5M34x, N18.2;1
100 _aAhmad H.N
245 0 _aLecturer kamazmur
260 _c1998
942 _hO168,5M34x, N18.2;1
_cTB
_2CC
999 _c106033
_d106033